Wer war's? 2000er Musik Quiz #3 - Statistiken

Allgemein
  • Dieses Quiz wurde 283 mal gespielt
  • Das Durchschnittsergebnis liegt bei 12 aus 16
Antwortstatistiken
Hint Antwort % Korrekt
Umbrella Rihanna, Jay-Z
95%
Durch den Monsun Tokio Hotel
92%
I Kissed a Girl Katy Perry
91%
Bad Romance Lady Gaga
89%
Whenever, Wherever Shakira
87%
In the End Linkin Park
83%
Mein Block Sido
83%
Without Me Eminem
80%
Junge Die Ärzte
72%
Boulevard of Broken Dreams Green Day
67%
Zeit, das sich was dreht Herbert Grönemeyer
61%
P.I.M.P. 50 Cent
56%
Hung Up Madonna
56%
Complicated Avril Lavigne
55%
Low Flo Rida, T-Pain
51%
Sex on Fire Kings of Leon
46%
Keine übereinstimmenden Quizze gefunden
Verteilung der Resultate
Anzahl Personen mit jedem Resultat
Perzentil nach korrekt beantworteten Fragen
Ihre Resultats-Entwicklung
Sie haben dieses Quiz noch nicht gespielt